Score 0/20 Timer 02:00
2 Plays Today
Song Title Missing Word % Correct
Dazed And ______Confused
93.5%
Good ______, Bad TimesTimes
92.5%
______ To HeavenStairway
90.8%
______ Lotta LoveWhole
89.1%
Over The ______ And Far AwayHills
74.3%
______ DickMoby
70.8%
Black ______Dog
69.1%
The Song ______ The SameRemains
66.8%
When The ______ BreaksLevee
61.3%
______ BreakdownCommunication
54.2%
Song Title Missing Word % Correct
Misty Mountain ______Hop
52.8%
The Battle Of _______Evermore
50.2%
______ OnRamble
49.3%
______ Under FootTrampled
44%
Custard ______Pie
43.9%
Hey ______ What Can I DoHey
40.9%
______ In The RainFool
39.9%
Gallows ______Pole
37.9%
In The ______Evening
29.6%
______ TomPoor
16.3%

Today's Daily Dose

Remove Ads.
Support Sporcle.
Get the best of Sporcle when you Go Orange. This ad-free experience offers more features, more stats, and more fun while also helping to support Sporcle. Thank you for becoming a member.

You're not logged in!

Compare scores with friends on all Sporcle quizzes.
OR
Log In

Show Comments

Extras

Top Quizzes Today


Score Distribution

Your Account Isn't Verified!

In order to create a playlist on Sporcle, you need to verify the email address you used during registration. Go to your Sporcle Settings to finish the process.

Report this User

Report this user for behavior that violates our Community Guidelines.

Details: